Lời nói gián tiếp trong tiếng anh
Guardat en:
| Autor principal: | |
|---|---|
| Format: | Llibre |
| Idioma: | Undetermined |
| Publicat: |
Hà Nội
Giáo dục
2004
|
| Matèries: | |
| Etiquetes: |
Afegir etiqueta
Sense etiquetes, Sigues el primer a etiquetar aquest registre!
|
| Thư viện lưu trữ: | Trung tâm Học liệu Trường Đại học Cần Thơ |
|---|
| LEADER | 00528nam a2200205Ia 4500 | ||
|---|---|---|---|
| 001 | CTU_95037 | ||
| 008 | 210402s9999 xx 000 0 und d | ||
| 020 | |c 6700 | ||
| 082 | |a 425 | ||
| 082 | |b Ng419 | ||
| 100 | |a Ngọc Lam | ||
| 245 | 0 | |a Lời nói gián tiếp trong tiếng anh | |
| 245 | 0 | |c Ngọc Lam | |
| 260 | |a Hà Nội | ||
| 260 | |b Giáo dục | ||
| 260 | |c 2004 | ||
| 650 | |a English language | ||
| 650 | |x Grammar | ||
| 904 | |i Mai Loan | ||
| 980 | |a Trung tâm Học liệu Trường Đại học Cần Thơ | ||